00534nam a2200169 i 450000100060000000300090000600500170001500700030003200800410003510000360007624500660011225000120017826000740019030000330026460000350029785200320033277044ES-MaACL20250607063022.0t|041006s1952 ag ||||1| spa d1 aEncina, Juan de la, d1883-196310aSombra y enigma de Velázquez / cJuan de la Encina [seud.]. a1ª ed. aBuenos Aires : bEspasa-Calpe Argentina, c1952 (fFabril Financiera) a206 p., 13 lám. ; c23 cm.14aVelázquez, Diego,d1599-1660 aES-MaACLjC-19644 bR.47243